000 00512nam a2200205Ia 4500
003 GCL
008 140319s9999 xx 000 0 eng d
040 _aGCL /
_cGCL
082 0 4 _a657
_bG A
100 1 _aGLYNN, JOHN J.
245 1 0 _aACCOUNTING FOR MANAGERS /
_cGLYNN, JOHN J.
700 1 _aPERRIN,JOHN
700 1 _aMURPHY,MICHEAL P
260 _a[S.N] :
_bCHAPMAN & HALL ،
_c1994
300 _a420 P
650 0 4 _aACCOUNTING
650 0 4 _aDECISION - MAKING
650 0 4 _aMANAGERS
942 _2ddc
_cBK
999 _c17103
_d17103